|
|
|
|
| LEADER |
01335nam a22002777a 4500 |
| 001 |
43059 |
| 003 |
BD-DhAAL |
| 008 |
240909r20242021bg a|||| b||| 00| 0dben d |
| 020 |
|
|
|a 9789849387428
|
| 040 |
|
|
|a BD-DhAAL
|c BD-DhAAL
|
| 041 |
|
|
|a ben
|
| 082 |
|
|
|a 294.363
|
| 100 |
|
|
|a বড়ুয়া, জ্যোতি বিকাশ.
|9 19759
|
| 245 |
|
|
|a গৌতম বুদ্ধ /
|c জ্যোতি বিকাশ বড়ুয়া.
|
| 246 |
|
|
|a Goutam Buddha
|
| 250 |
|
|
|a তৃতীয় সংস্করণ.
|
| 264 |
|
|
|a ঢাকা :
|b ধ্রুবতারা প্রকাশনী,
|c ২০২১ [প্রথম পুনর্মুদ্রণ ২০২৪].
|
| 300 |
|
|
|a ১৪২ পৃষ্ঠা :
|b চিত্র ;
|c ২২ সে.মি.
|
| 504 |
|
|
|a গ্রন্থপঞ্জিগত নির্দেশিকা অন্তর্ভুক্ত।
|
| 541 |
|
|
|a Donated by Jyoti Bikash Barua (author)
|e 43059
|
| 600 |
|
|
|a Gautama Buddha.
|
| 650 |
|
|
|a Buddhism.
|
| 852 |
|
|
|a Ayesha Abed Library
|
| 942 |
|
|
|2 ddc
|c BK
|
| 999 |
|
|
|c 46958
|d 46958
|
| 952 |
|
|
|0 0
|1 0
|2 ddc
|4 0
|6 294_363000000000000_BAR
|7 0
|9 76163
|a BRACUL
|b BRACUL
|c GEN
|d 2024-09-09
|e Donated by Jyoti Bikash Barua (author)
|g 350.00
|l 0
|o 294.363 BAR
|p 3010043059
|r 2024-09-09
|t 1
|w 2024-09-09
|y BK
|x Donated by Jyoti Bikash Barua (author)
|